000
00276nam a22001337a 4500
003
SGT
082
_a
370
_b
M98D
100
_a
DEV, ARJUN
245
_a
MANAV ADHIKAR STROT GRANTH
260
_a
NEW DELHI
_b
SCERT
_c
1998
300
_a
217
650
_a
EDUCATION
942
_2
ddc
_c
BK
999
_c
12452
_d
12452